Partidos Políticos Portugal - Statistics

Estatísticas Gerais
  • Esse quiz foi jogado 340 vezes
  • A pontuação média é 11 de 23
Estatísticas das Respostas
Hint Resposta % Correto
CH Chega
95%
PS Partido Socialista
95%
BE Bloco de Esquerda
90%
IL Iniciativa Liberal
90%
PSD Partido Social Democrata
87%
PCP Partido Comunista Portugues
85%
L Livre
76%
PPM Partido Popular Monárquico
57%
A Aliança
42%
E Ergue-te
40%
CDS Centro Democrático Social
37%
JPP Juntos Pelo Povo
37%
ADN Alternativa Democratica Nacional
34%
PCTP Partido Comunista dos Trabalhadores Portugueses
34%
PAN Pessoas Animais e Natureza
33%
PEV Partido Ecologista Os Verdes
29%
VP Volt Portugal
27%
NC Nós Cidadãos
26%
MAS Movimento Alternativa Socialista
22%
R.I.R. Reagir Incluir Reciclar
22%
MPT Partido da Terra
18%
PURP Partido Unido dos Reformados e Pensionistas
11%
PTP Partido dos Trabalhadores Portugueses
10%
Nenhum quiz correspondente encontrado
Distribuição das Pontuações
Porcentagem de Pessoas com Cada Pontuação
Percentil de Números Respondidos
Sua Pontuação Histórica
Você não jogou esse quiz